| 000 | 01061nam a22002415i 4500 | ||
|---|---|---|---|
| 001 | 172765 | ||
| 003 | ES-MaACL | ||
| 005 | 20250831061529.0 | ||
| 008 | 090908s1932 sp |||| | spa d | ||
| 245 | 0 | 0 | _aAcuerdo mediante canje de notas entre España e Italia firmadas en Roma el 18 y el 30 de julio de 1932, simplificando el ceremonial de las visitas de los buques de guerra españoles e italianos. |
| 260 |
_aMadrid : _b[s.n.], _c1932 ( _fImp. del Ministerio de Estado) |
||
| 300 |
_a6 p. ; _c24 cm. |
||
| 490 | 1 |
_aPublicaciones del Ministerio de Estado. Serie A: Acuerdos y convenios internacionales ; _v6 |
|
| 546 | _aTexto en español y italiano. | ||
| 594 | _aCubierta tomada como port. | ||
| 650 | 4 |
_aMarina de guerra- _zEspaña- _yS.XX. _914788 |
|
| 651 | 4 |
_aEspaña- _xRelaciones- _zItalia. _9153911 |
|
| 651 | 4 |
_aItalia- _xRelaciones- _zEspaña. _9160778 |
|
| 710 | 1 |
_aEspaña. _bMinisterio de Estado. _93866 |
|
| 830 | 1 | 0 |
_aPublicaciones del Ministerio de Estado _v6 _9189119 |
| 852 |
_aES-MaACL _j2299-F-22 |
||
| 999 |
_c172765 _d172765 |
||